000
00185 a2200097 4500
020
_a
9789580506089
041
_a
spa
100
_a
Anonimo
245
_a
La Huella del Hombre
942
_c
BK
999
_c
10231
_d
10231